Drug Classifications (1) - Pharmacology - Statistics

General Stats
  • This quiz has been taken 119 times
  • The average score is 3 of 15
Answer Stats
Hint Answer % Correct
Tylenol, Advil, Motrin Analgesic
58%
Allegra, Dimetane, Benadryl Antihistamine
57%
Lidocaine, Xylocaine, Novocain Anesthetic
38%
Marplan, Nardil, Tofranil Antidepressant
28%
Advil, Naprosyn Anti-inflammatory
27%
Gelusil, Mylanta, Milk of Magnesia Antacid
22%
Monistat, Nizoral, Lotrimin Antifungal
17%
Dramamine, Reglan, Marinol Antiemetic
16%
Catapres, Lopressor, Aldomet Antihypertensive
14%
Keopectate, Lomotil, Pepto-Bismol Antidiarrheal
9%
Narcan Antidote
9%
Lithium Antimanic
5%
L-Dopa, Tasar, Symmetrel Antiparkinsonian
5%
Mevacor, Lopid, Nicobid Antihyperlipidemic
2%
Myleran, Cytoxan Antineoplastic
1%
No matching quizzes found
Score Distribution
Percent of People with Each Score
Percentile by Number Answered
Your Score History
You have not taken this quiz